Body politics and women citizens : (Record no. 17516)
[ view plain ]
| 000 -LEADER | |
|---|---|
| fixed length control field | 02675cam a22004217a 4500 |
| 001 - CONTROL NUMBER | |
| control field | 16907104 |
| 003 - CONTROL NUMBER IDENTIFIER | |
| control field | OSt |
| 005 - DATE AND TIME OF LATEST TRANSACTION | |
| control field | 20211110131434.0 |
| 008 - FIXED-LENGTH DATA ELEMENTS--GENERAL INFORMATION | |
| fixed length control field | 110729s2009 sw b 000 0 eng d |
| 010 ## - LIBRARY OF CONGRESS CONTROL NUMBER | |
| LC control number | 2011464766 |
| 016 7# - NATIONAL BIBLIOGRAPHIC AGENCY CONTROL NUMBER | |
| Record control number | 015709358 |
| Source | Uk |
| 020 ## - INTERNATIONAL STANDARD BOOK NUMBER | |
| International Standard Book Number | 9789158641006 (pbk.) |
| 020 ## - INTERNATIONAL STANDARD BOOK NUMBER | |
| International Standard Book Number | 9158641009 (pbk.) |
| 035 ## - SYSTEM CONTROL NUMBER | |
| System control number | (OCoLC)ocn498406696 |
| 040 ## - CATALOGING SOURCE | |
| Original cataloging agency | EYR |
| Transcribing agency | hu |
| Modifying agency | EYR |
| -- | OHX |
| -- | UKMGB |
| -- | DLC |
| 042 ## - AUTHENTICATION CODE | |
| Authentication code | lccopycat |
| 043 ## - GEOGRAPHIC AREA CODE | |
| Geographic area code | f------ |
| 050 00 - LIBRARY OF CONGRESS CALL NUMBER | |
| Classification number | HQ1236.5.A35 |
| Item number | B6 2009 |
| 245 00 - TITLE STATEMENT | |
| Title | Body politics and women citizens : |
| Remainder of title | African experiences / |
| Statement of responsibility, etc. | Ann Schlyter, editor ; Lucy Kondwani Chipeta ... [et al.] |
| 260 ## - PUBLICATION, DISTRIBUTION, ETC. | |
| Place of publication, distribution, etc. | Stockholm : |
| Name of publisher, distributor, etc. | Swedish International Development Cooperation Agency, |
| Date of publication, distribution, etc. | 2009. |
| 300 ## - PHYSICAL DESCRIPTION | |
| Extent | 151 p. ; |
| Dimensions | 24 cm. |
| 490 1# - SERIES STATEMENT | |
| Series statement | Sida studies ; |
| Volume/sequential designation | no. 24 |
| 500 ## - GENERAL NOTE | |
| General note | "This volume is based on papers originally presented at the research conference "Body Politics and Gender Justice", held in Cape Town in February 2009." |
| 504 ## - BIBLIOGRAPHY, ETC. NOTE | |
| Bibliography, etc. note | Includes bibliographical references. |
| 505 0# - FORMATTED CONTENTS NOTE | |
| Formatted contents note | Introduction / Ann Schlyter --Contesting illegality: women in the informal copper business on the Zambian copperbelt / Patience Mususa -- Women coping with change: urban poverty and everyday politics in northern Mozambique / Margareta Espling -- Bodies at work in Volvo plants in Sweden and South Africa / Paula Mählck -- Polygamous families in urban Malawi: sharing housing and resources / Lucy Kondwani Chipeta -- Essential motherhood: implications for law and population policy / Mulela Margaret Munalula -- Teenage pregnancy and HIV in South Africa / Nolwazi Mkhwanazi -- From pain to virtue: clitoridectomy and other ordeals in the creation of a female person / Lisen Dellenborg -- Bearing the pain: changing views of the meaning and morality of suffering / Maria Malmström -- Women in the back seat in Malian citizenship / Assitan Diallo -- Gendered spectacle: new terrains of struggle in South Africa / Desiree Lewis -- Postscript: challenges to rights-based approaches in support of women citizens / Ann Schlyter. |
| 650 #0 - SUBJECT ADDED ENTRY--TOPICAL TERM | |
| Topical term or geographic name entry element | Women's rights |
| Geographic subdivision | Africa. |
| 9 (RLIN) | 17728 |
| 650 #0 - SUBJECT ADDED ENTRY--TOPICAL TERM | |
| Topical term or geographic name entry element | Women |
| Geographic subdivision | Africa |
| General subdivision | Social conditions. |
| 9 (RLIN) | 17729 |
| 650 #0 - SUBJECT ADDED ENTRY--TOPICAL TERM | |
| Topical term or geographic name entry element | Women |
| General subdivision | Employment |
| Geographic subdivision | Africa. |
| 9 (RLIN) | 17730 |
| 650 #0 - SUBJECT ADDED ENTRY--TOPICAL TERM | |
| Topical term or geographic name entry element | Sex role |
| General subdivision | Political aspects |
| Geographic subdivision | Africa. |
| 9 (RLIN) | 17731 |
| 700 1# - ADDED ENTRY--PERSONAL NAME | |
| Personal name | Schlyter, Ann. |
| 9 (RLIN) | 17732 |
| 700 1# - ADDED ENTRY--PERSONAL NAME | |
| Personal name | Chipeta, Lucy. |
| 9 (RLIN) | 17733 |
| 711 2# - ADDED ENTRY--MEETING NAME | |
| Meeting name or jurisdiction name as entry element | Research Conference on "Body Politics and Gender Justice" |
| Date of meeting or treaty signing | (2009 : |
| Location of meeting | Cape Town, South Africa) |
| 9 (RLIN) | 17734 |
| 830 #0 - SERIES ADDED ENTRY--UNIFORM TITLE | |
| Uniform title | Sida studies ; |
| Volume/sequential designation | no. 24. |
| 9 (RLIN) | 17735 |
| 906 ## - LOCAL DATA ELEMENT F, LDF (RLIN) | |
| a | 7 |
| b | cbc |
| c | copycat |
| d | 3 |
| e | ncip |
| f | 20 |
| g | y-gencatlg |
| 942 ## - ADDED ENTRY ELEMENTS (KOHA) | |
| Source of classification or shelving scheme | Dewey Decimal Classification |
| Koha item type | Books like text book referance book |
| Suppress in OPAC | No |
| Withdrawn status | Lost status | Source of classification or shelving scheme | Damaged status | Not for loan | Home library | Current library | Shelving location | Date acquired | Total Checkouts | Full call number | Barcode | Date last seen | Copy number | Price effective from | Koha item type |
|---|---|---|---|---|---|---|---|---|---|---|---|---|---|---|---|
| Dewey Decimal Classification | Social Library | Social Library | General Stacks | 11/10/2021 | 362,4092/bod | SHLIB 00002988 | 11/10/2021 | c1 | 11/10/2021 | Books like text book referance book | |||||
| Dewey Decimal Classification | Social Library | Social Library | General Stacks | 11/10/2021 | 362,4092/boy | SHLIB 00002989 | 11/10/2021 | c2 | 11/10/2021 | Books like text book referance book |